[Event "Monarch Assurance Isle of Man 5th"]
[Site "Port Erin IOM"]
[Date "1996.10.05"]
[Round "1"]
[White "Arkell, Keith C"]
[Black "Kourkounakis, Ilias"]
[Result "1-0"]
[WhiteElo "2545"]
[BlackElo "2400"]
[PlyCount "79"]
[EventDate "1996.10.05"]
[EventType "swiss"]
[EventRounds "9"]
[EventCountry "IOM"]
[SourceTitle "BritBase"]

1. d4 Nf6 2. Nf3 g6 3. c4 Bg7 4. g3 O-O 5. Bg2 d6 6. O-O a6 7. Nc3 Nbd7 8. d5
e6 9. dxe6 fxe6 10. Bg5 Qe8 11. Qd2 Nc5 12. Nd4 Ng4 13. h3 Ne5 14. b3 Nf7 15.
Be3 Rb8 16. Rac1 Bd7 17. b4 Na4 18. Nxa4 Bxa4 19. b5 c5 20. bxc6 Bxc6 21. Nxc6
bxc6 22. Qa5 Qc8 23. Rb1 Ne5 24. Qa4 d5 25. cxd5 Rxb1 26. Rxb1 cxd5 27. Bf4 Qc4
28. Qxc4 Nxc4 29. h4 Rc8 30. Rb7 Rc6 31. Bh3 Bf8 32. Bg5 e5 33. Bd7 Rd6 34. g4
h6 35. Bc1 e4 36. Bf4 Rf6 37. e3 Nd2 38. g5 Nf3+ 39. Kf1 hxg5 40. hxg5 1-0

[Event "Monarch Assurance Isle of Man 5th"]
[Site "Port Erin IOM"]
[Date "1996.10.05"]
[Round "1"]
[White "Beaumont, Chris"]
[Black "Norwood, David"]
[Result "0-1"]
[WhiteElo "2330"]
[BlackElo "2520"]
[PlyCount "52"]
[EventDate "1996.10.05"]
[EventType "swiss"]
[EventRounds "9"]
[EventCountry "IOM"]
[SourceTitle "BritBase"]

1. d4 g6 2. e4 Bg7 3. c4 d6 4. Nc3 Nd7 5. Be2 e5 6. Nf3 Ne7 7. O-O O-O 8. Be3
h6 9. Qd2 Kh7 10. Rad1 a5 11. dxe5 dxe5 12. Nb5 f5 13. exf5 Nxf5 14. Bc5 Re8
15. Qc2 e4 16. Nfd4 Nh4 17. Ba3 c5 18. Nb3 Qg5 19. g3 Nf3+ 20. Kg2 Nde5 21.
Qxe4 Bg4 22. Nc7 Qh5 23. h4 Nxh4+ 24. gxh4 Bxe2 25. f4 Qg4+ 26. Kf2 Bf3 0-1

[Event "Monarch Assurance Isle of Man 5th"]
[Site "Port Erin IOM"]
[Date "1996.10.05"]
[Round "1"]
[White "Brodsky, Michail"]
[Black "Forster, Richard"]
[Result "0-1"]
[WhiteElo "2510"]
[BlackElo "2320"]
[PlyCount "137"]
[EventDate "1996.10.05"]
[EventType "swiss"]
[EventRounds "9"]
[EventCountry "IOM"]
[SourceTitle "BritBase"]

1. e4 c5 2. Nf3 d6 3. d4 cxd4 4. Nxd4 Nf6 5. f3 e6 6. c4 Be7 7. Nc3 O-O 8. Be2
b6 9. O-O Bb7 10. Kh1 Nbd7 11. Ndb5 Qb8 12. Bf4 Ne5 13. Qd2 a6 14. Na3 Qc7 15.
Rac1 Rac8 16. Bg3 Rfe8 17. f4 Ned7 18. Bf3 h6 19. Rfd1 Rcd8 20. Qe2 Qb8 21.
Nab1 Bc6 22. b4 Qa8 23. a3 b5 24. cxb5 axb5 25. Bf2 e5 26. f5 Bf8 27. Bh4 Rc8
28. Nxb5 d5 29. exd5 Bxb5 30. Qxb5 Rxc1 31. Rxc1 e4 32. Be2 Re5 33. Qc6 Qa7 34.
d6 Qe3 35. Re1 Rxf5 36. Ba6 Qd4 37. Nc3 e3 38. Bg3 Nh5 39. Ne4 Nxg3+ 40. Nxg3
Qd2 41. Rg1 Ne5 42. Qc8 Ng4 43. h3 Nf2+ 44. Kh2 Rg5 45. Ne2 Qxd6+ 46. g3 h5 47.
Bc4 h4 48. Qe8 hxg3+ 49. Rxg3 Rf5 50. Kg2 Qd1 51. Ng1 Qd4 52. Bxf7+ Rxf7 53.
Qxe3 Qd5+ 54. Rf3 Nd1 55. Qd3 Qxd3 56. Rxd3 Nb2 57. Rd4 Ra7 58. Nf3 Rxa3 59.
Ne5 Re3 60. Ng6 Re6 61. Nxf8 Kxf8 62. Kf3 Na4 63. Rf4+ Kg8 64. Re4 Rh6 65. h4
Rb6 66. Rc4 Rb5 67. Ke4 Nb6 68. Rd4 Kh7 69. Kd3 0-1

[Event "Monarch Assurance Isle of Man 5th"]
[Site "Port Erin IOM"]
[Date "1996.10.05"]
[Round "1"]
[White "Coleman, David"]
[Black "Williams, Douglas"]
[Result "1-0"]
[WhiteElo "2280"]
[BlackElo "2030"]
[PlyCount "87"]
[EventDate "1996.10.05"]
[EventType "swiss"]
[EventRounds "9"]
[EventCountry "IOM"]
[SourceTitle "BritBase"]

1. e4 e6 2. d4 d5 3. Nc3 Bb4 4. e5 b6 5. a3 Bf8 6. Bb5+ Bd7 7. Bd3 c5 8. f4 Nc6
9. Nf3 a6 10. O-O Nge7 11. Be3 cxd4 12. Nxd4 Nxd4 13. Bxd4 Nc6 14. Bf2 Bc5 15.
Qe2 Qc8 16. f5 g6 17. fxg6 hxg6 18. Bxc5 bxc5 19. Qf2 Nd8 20. Qf6 Rg8 21. b3
Bc6 22. Qh4 Qc7 23. Qh7 Rf8 24. Qg7 Qe7 25. Rf2 Ra7 26. Raf1 Kd7 27. Bxg6 Kc8
28. Bh7 Kb8 29. h4 Rc7 30. h5 Bb7 31. h6 Qe8 32. Qf6 Qe7 33. Bd3 Qxf6 34. Rxf6
Nc6 35. Re1 Kc8 36. Na4 Kd8 37. Nxc5 Ke7 38. Ref1 Bc8 39. Bxa6 Bxa6 40. Nxa6
Ra7 41. Nc5 Nxe5 42. Nxe6 Rh8 43. Ng5 Rxa3 44. R6f5 1-0

[Event "Monarch Assurance Isle of Man 5th"]
[Site "Port Erin IOM"]
[Date "1996.10.05"]
[Round "1"]
[White "Gofshtein, Leonid D"]
[Black "Buckley, Graeme"]
[Result "1-0"]
[WhiteElo "2545"]
[BlackElo "2370"]
[PlyCount "63"]
[EventDate "1996.10.05"]
[EventType "swiss"]
[EventRounds "9"]
[EventCountry "IOM"]
[SourceTitle "BritBase"]

1. d4 Nf6 2. c4 d6 3. Nc3 Nbd7 4. Nf3 e5 5. Bg5 Be7 6. e3 c6 7. Qc2 a6 8. O-O-O
Qa5 9. Kb1 h6 10. Bh4 b5 11. Nd2 Qc7 12. Bd3 Nb6 13. dxe5 dxe5 14. Bxf6 Bxf6
15. Nce4 Bd8 16. c5 Nd5 17. Nd6+ Kf8 18. Bf5 Bxf5 19. Qxf5 Bf6 20. N2e4 g6 21.
Qf3 Bg7 22. g4 h5 23. Ng5 Kg8 24. Qxf7+ Qxf7 25. Ndxf7 Rf8 26. e4 Rxf7 27. Nxf7
Kxf7 28. exd5 cxd5 29. Rxd5 hxg4 30. Rd7+ Kf6 31. Rhd1 Rf8 32. Rd8 1-0

[Event "Monarch Assurance Isle of Man 5th"]
[Site "Port Erin IOM"]
[Date "1996.10.05"]
[Round "1"]
[White "Hartman, Christer"]
[Black "Hebden, Mark"]
[Result "0-1"]
[WhiteElo "2370"]
[BlackElo "2530"]
[PlyCount "78"]
[EventDate "1996.10.05"]
[EventType "swiss"]
[EventRounds "9"]
[EventCountry "IOM"]
[SourceTitle "BritBase"]

1. e4 e5 2. Nf3 Nc6 3. Bb5 a6 4. Ba4 Nf6 5. O-O Be7 6. Re1 b5 7. Bb3 O-O 8. a4
Bb7 9. d3 d6 10. Nc3 Na5 11. Ba2 b4 12. Ne2 Rb8 13. Ng3 c5 14. Nd2 Ne8 15. Nc4
Nxc4 16. Bxc4 Nc7 17. f4 exf4 18. Bxf4 Ne6 19. Be3 Bf6 20. Rb1 Be5 21. Nf5 Kh8
22. Rf1 d5 23. exd5 Bxd5 24. Bxd5 Qxd5 25. b3 g6 26. Ng3 f5 27. Bh6 Qd4+ 28.
Rf2 Rfe8 29. Bc1 Qh4 30. Nf1 Nd4 31. Qd2 Re6 32. g3 Qh5 33. Kg2 Bg7 34. Qg5
Qxg5 35. Bxg5 Rbe8 36. Rd1 h6 37. Bc1 Ne2 38. Rf3 Nc3 39. Rd2 Bd4 0-1

[Event "Monarch Assurance Isle of Man 5th"]
[Site "Port Erin IOM"]
[Date "1996.10.05"]
[Round "1"]
[White "Hunt, Harriet"]
[Black "Emms, John M"]
[Result "0-1"]
[WhiteElo "2315"]
[BlackElo "2500"]
[PlyCount "138"]
[EventDate "1996.10.05"]
[EventType "swiss"]
[EventRounds "9"]
[EventCountry "IOM"]
[SourceTitle "BritBase"]

1. e4 e5 2. Nf3 Nc6 3. Bb5 a6 4. Ba4 Nf6 5. O-O b5 6. Bb3 Bc5 7. d3 Bb7 8. Qe2
O-O 9. Bg5 h6 10. Bh4 Be7 11. Bg3 d6 12. a4 Na5 13. Ba2 c5 14. Nbd2 bxa4 15.
Nh4 Bc8 16. Nc4 Nxc4 17. Bxc4 Rb8 18. c3 Bd7 19. Ng6 Re8 20. Nxe7+ Qxe7 21.
Bxa6 Rb6 22. Bc4 Reb8 23. Rfb1 Qe8 24. f4 exf4 25. Bxf4 R8b7 26. Qf2 Be6 27.
Bxe6 fxe6 28. Qc2 e5 29. Bg3 Rb3 30. Ra2 Qc6 31. c4 Nh5 32. Be1 Nf4 33. Bc3 a3
34. g3 Ne2+ 35. Qxe2 Rxc3 36. Rd1 axb2 37. Rxb2 Rb4 38. Rdb1 Qb6 39. Kg2 Ra3
40. Kh3 Qb8 41. Qd2 Raa4 42. Qc2 Ra7 43. Rxb4 cxb4 44. Kg2 Kh7 45. Qb3 Rb7 46.
Ra1 Qc8 47. Ra5 Qg4 48. c5 Qe2+ 49. Kg1 Rb8 50. Qf7 dxc5 51. Rxc5 Qg4 52. Qf5+
Qxf5 53. exf5 b3 54. Rc1 b2 55. Rb1 Kg8 56. Kf2 Kf7 57. Ke3 Kf6 58. g4 Kg5 59.
Ke4 Rb5 60. Kf3 Kh4 61. h3 Rb4 62. Kg2 Rb3 63. Kf3 Rxd3+ 64. Ke4 Rb3 65. Kxe5
Kxh3 66. Kf4 Rb4+ 67. Kf3 Kh4 68. Rh1+ Kg5 69. Rb1 Rb3+ 0-1

[Event "Monarch Assurance Isle of Man 5th"]
[Site "Port Erin IOM"]
[Date "1996.10.05"]
[Round "1"]
[White "Ledger, Andrew"]
[Black "Hodgson, Julian M"]
[Result "0-1"]
[WhiteElo "2415"]
[BlackElo "2550"]
[PlyCount "60"]
[EventDate "1996.10.05"]
[EventType "swiss"]
[EventRounds "9"]
[EventCountry "IOM"]
[SourceTitle "BritBase"]

1. c4 b6 2. Nc3 e6 3. Nf3 Bb7 4. e4 Bb4 5. Qb3 Na6 6. d3 f5 7. exf5 Bxf3 8.
gxf3 Qe7 9. Kd1 Bxc3 10. Qxc3 exf5 11. Bh3 O-O-O 12. Bxf5 Qf7 13. Be4 Nf6 14.
Be3 d5 15. cxd5 Nxd5 16. Qa3 Nab4 17. Qxa7 Rhe8 18. Qa8+ Kd7 19. Qa4+ Ke7 20.
Ke2 Kf8 21. Rhg1 Nxd3 22. Kxd3 Nb4+ 23. Kc3 Rxe4 24. fxe4 Rd3+ 25. Kxb4 Qe7+
26. Kb5 Qe8+ 27. Kc4 Qxe4+ 28. Kb5 Rd5+ 29. Kc6 Rc5+ 30. Kd7 Qe8# 0-1

[Event "Monarch Assurance Isle of Man 5th"]
[Site "Port Erin IOM"]
[Date "1996.10.05"]
[Round "1"]
[White "Novikov, Igor A"]
[Black "Blees, Albert"]
[Result "1-0"]
[WhiteElo "2585"]
[BlackElo "2415"]
[PlyCount "49"]
[EventDate "1996.10.05"]
[EventType "swiss"]
[EventRounds "9"]
[EventCountry "IOM"]
[SourceTitle "BritBase"]

1. d4 Nf6 2. c4 c5 3. d5 b5 4. cxb5 a6 5. e3 axb5 6. Bxb5 Qa5+ 7. Nc3 Bb7 8.
Nge2 Nxd5 9. O-O Nc7 10. a4 e6 11. e4 Be7 12. Bf4 O-O 13. Qd3 Rd8 14. Rad1 d6
15. Qg3 Nxb5 16. axb5 e5 17. Bh6 Bf8 18. f4 Nd7 19. Rxd6 Kh8 20. fxe5 gxh6 21.
Rxf7 Qa1+ 22. Kf2 c4 23. e6 Qa7+ 24. Nd4 h5 25. e7 1-0

[Event "Monarch Assurance Isle of Man 5th"]
[Site "Port Erin IOM"]
[Date "1996.10.05"]
[Round "1"]
[White "Tzermiadianos, Andreas"]
[Black "Baburin, Alexander"]
[Result "0-1"]
[WhiteElo "2375"]
[BlackElo "2545"]
[PlyCount "76"]
[EventDate "1996.10.05"]
[EventType "swiss"]
[EventRounds "9"]
[EventCountry "IOM"]
[SourceTitle "BritBase"]

1. e4 Nf6 2. e5 Nd5 3. d4 d6 4. Nf3 Bg4 5. Be2 e6 6. O-O Be7 7. h3 Bh5 8. c4
Nb6 9. Nc3 O-O 10. Be3 d5 11. c5 Nc8 12. b4 b6 13. Qd2 a5 14. a3 axb4 15. axb4
Rxa1 16. Rxa1 Nc6 17. Nb5 Qd7 18. Bf4 bxc5 19. bxc5 Bxf3 20. Bxf3 Nxe5 21. Bxe5
Qxb5 22. Bxc7 Bf6 23. Be2 Qb7 24. Bf4 Ne7 25. Bd3 Nc6 26. Rb1 Qa7 27. Be3 Rb8
28. Qd1 Rxb1 29. Qxb1 Bxd4 30. Qb5 Bxe3 31. Qxc6 Bxc5 32. Qe8+ Bf8 33. Bxh7+
Kxh7 34. Qxf8 Qa1+ 35. Kh2 Qe5+ 36. g3 Qf5 37. Qc5 e5 38. Kg1 d4 0-1

[Event "Monarch Assurance Isle of Man 5th"]
[Site "Port Erin IOM"]
[Date "1996.10.05"]
[Round "1"]
[White "Ward, Christopher"]
[Black "Richardson, John R"]
[Result "1-0"]
[WhiteElo "2460"]
[BlackElo "2310"]
[PlyCount "59"]
[EventDate "1996.10.05"]
[EventType "swiss"]
[EventRounds "9"]
[EventCountry "IOM"]
[SourceTitle "BritBase"]

1. d4 Nf6 2. c4 e6 3. Nc3 Bb4 4. g3 d5 5. Bg2 O-O 6. Nf3 dxc4 7. O-O Nc6 8. Re1
Re8 9. e4 e5 10. d5 Na5 11. Qa4 Bxc3 12. bxc3 b6 13. Nd2 Qd7 14. Qc2 c6 15. Ba3
Bb7 16. Rad1 Rad8 17. dxc6 Qxc6 18. Nf1 Qc8 19. Ne3 b5 20. Nf5 Rxd1 21. Rxd1
Qa8 22. f3 Rd8 23. Be7 Rxd1+ 24. Qxd1 Ne8 25. Bh3 Bc6 26. Bb4 a6 27. Bxa5 Qa7+
28. Kf1 g6 29. Nh6+ Kg7 30. Ng4 1-0

[Event "Monarch Assurance Isle of Man 5th"]
[Site "Port Erin IOM"]
[Date "1996.10.06"]
[Round "2"]
[White "Brodsky, Michail"]
[Black "Coleman, David"]
[Result "1-0"]
[WhiteElo "2510"]
[BlackElo "2280"]
[PlyCount "87"]
[EventDate "1996.10.05"]
[EventType "swiss"]
[EventRounds "9"]
[EventCountry "IOM"]
[SourceTitle "BritBase"]

1. e4 c5 2. Nf3 d6 3. d4 cxd4 4. Nxd4 Nf6 5. Nc3 a6 6. Bg5 e6 7. f4 Be7 8. Qf3
Qc7 9. O-O-O Nbd7 10. g4 b5 11. Bxf6 Nxf6 12. g5 Nd7 13. f5 Bxg5+ 14. Kb1 Ne5
15. Qh5 Qe7 16. Nxe6 Bxe6 17. fxe6 g6 18. exf7+ Kxf7 19. Qh3 Kg7 20. Nd5 Qa7
21. Qe6 Qc5 22. h4 Rae8 23. Qh3 Bh6 24. h5 a5 25. Be2 b4 26. Rdg1 Qc8 27. Qxc8
Rxc8 28. Ne7 Bf4 29. Nxc8 Rxc8 30. hxg6 hxg6 31. Rh4 Be3 32. Rgh1 Kf6 33. Rh7
Bf4 34. Ra7 Rc5 35. Rh8 Kg5 36. Re8 Bg3 37. Re6 Nc4 38. Bxc4 Rxc4 39. Rxa5+ Kf4
40. Rxg6 Rxe4 41. a3 bxa3 42. Rxa3 Bh4 43. Rxd6 Be7 44. Rad3 1-0

[Event "Monarch Assurance Isle of Man 5th"]
[Site "Port Erin IOM"]
[Date "1996.10.06"]
[Round "2"]
[White "Buckley, Graeme"]
[Black "Spanton, Timothy"]
[Result "1-0"]
[WhiteElo "2370"]
[BlackElo "2050"]
[PlyCount "49"]
[EventDate "1996.10.05"]
[EventType "swiss"]
[EventRounds "9"]
[EventCountry "IOM"]
[SourceTitle "BritBase"]

1. d4 Nf6 2. c4 e6 3. Nc3 d5 4. Nf3 c5 5. cxd5 cxd4 6. Qxd4 exd5 7. Bg5 Be7 8.
Rd1 Nc6 9. Qa4 Be6 10. e4 O-O 11. Be2 d4 12. Nxd4 Nxd4 13. Rxd4 Qb6 14. Rd2 Bc5
15. O-O Ng4 16. Bxg4 Bxg4 17. Nd5 Qg6 18. Be3 Bf3 19. g3 Bd6 20. e5 Bxd5 21.
Rxd5 Bc7 22. Rc1 Bb6 23. Rd6 Qf5 24. Bxb6 Qxe5 25. Qd4 1-0

[Event "Monarch Assurance Isle of Man 5th"]
[Site "Port Erin IOM"]
[Date "1996.10.06"]
[Round "2"]
[White "Emms, John M"]
[Black "Arkell, Keith C"]
[Result "1/2-1/2"]
[WhiteElo "2500"]
[BlackElo "2545"]
[PlyCount "150"]
[EventDate "1996.10.05"]
[EventType "swiss"]
[EventRounds "9"]
[EventCountry "IOM"]
[SourceTitle "BritBase"]

1. e4 e6 2. d4 d5 3. Nd2 dxe4 4. Nxe4 Bd7 5. Nf3 Bc6 6. Bd3 Nd7 7. Qe2 Ngf6 8.
Neg5 Bxf3 9. Nxf3 c5 10. O-O Be7 11. dxc5 Bxc5 12. Bf4 O-O 13. Rad1 Qb6 14. c3
Rfd8 15. Ne5 Nxe5 16. Bxe5 Be7 17. Bd4 Qc7 18. Be5 Qb6 19. Bd4 Qc7 20. g3 Nd7
21. Be4 Bc5 22. Bg2 Rab8 23. Rd2 Bxd4 24. Rxd4 Nf6 25. Rfd1 Rxd4 26. Rxd4 b6
27. Qa6 Re8 28. Ra4 Re7 29. Rc4 Qd7 30. Qc8+ Qe8 31. Rc7 Rxc7 32. Qxc7 h5 33.
Qxa7 Qb5 34. b4 Qe5 35. Qa8+ Kh7 36. Qf3 Qe1+ 37. Bf1 Qa1 38. Kg2 Qxa2 39. c4
Qa7 40. Qd3+ g6 41. Qd4 Kg7 42. Be2 Qb7+ 43. f3 Qb8 44. f4 Qa8+ 45. Kg1 Qe4 46.
Qxe4 Nxe4 47. Bd3 Nf6 48. Kf2 Kf8 49. h3 Ke7 50. Ke3 Kd6 51. Kd4 Ne8 52. c5+
bxc5+ 53. bxc5+ Ke7 54. Ke5 Nc7 55. Bc4 Ne8 56. g4 hxg4 57. hxg4 Nf6 58. g5 Ne8
59. Bd3 Nc7 60. Bc4 Ne8 61. Bb5 Nc7 62. Bc6 Na6 63. Kd4 Nc7 64. Be4 Ne8 65. Kc4
Nc7 66. Bc6 Kd8 67. Be4 Ne8 68. Bc6 Nc7 69. Kb4 Nd5+ 70. Bxd5 exd5 71. c6 d4
72. Kc4 Kc7 73. Kxd4 Kxc6 74. Ke5 Kd7 75. Kf6 Ke8 1/2-1/2

[Event "Monarch Assurance Isle of Man 5th"]
[Site "Port Erin IOM"]
[Date "1996.10.06"]
[Round "2"]
[White "Farleigh, Richard"]
[Black "Markov, Jurij"]
[Result "0-1"]
[WhiteElo "2200"]
[BlackElo "2420"]
[PlyCount "60"]
[EventDate "1996.10.05"]
[EventType "swiss"]
[EventRounds "9"]
[EventCountry "IOM"]
[SourceTitle "BritBase"]

1. d4 d5 2. Bg5 c6 3. e3 Qb6 4. Qc1 Bf5 5. Nf3 e6 6. Be2 Nd7 7. Nbd2 f6 8. Bf4
g5 9. Bg3 h5 10. h3 Ne7 11. c4 Ng6 12. Qc3 Bb4 13. Qb3 Be4 14. O-O-O Bxd2+ 15.
Rxd2 Qxb3 16. axb3 Kf7 17. Ne1 h4 18. Bd6 Ne7 19. Bd3 Nf5 20. Bb4 a5 21. Bxe4
dxe4 22. Bc3 b5 23. Rc2 b4 24. Bd2 e5 25. f3 exd4 26. fxe4 Ng3 27. Rh2 Nc5 28.
exd4 Nxb3+ 29. Kb1 Nxd4 30. Rc1 Nf1 0-1

[Event "Monarch Assurance Isle of Man 5th"]
[Site "Port Erin IOM"]
[Date "1996.10.06"]
[Round "2"]
[White "Forster, Richard"]
[Black "Gofshtein, Leonid D"]
[Result "0-1"]
[WhiteElo "2320"]
[BlackElo "2545"]
[PlyCount "56"]
[EventDate "1996.10.05"]
[EventType "swiss"]
[EventRounds "9"]
[EventCountry "IOM"]
[SourceTitle "BritBase"]

1. e4 c5 2. Nf3 Nc6 3. d4 cxd4 4. Nxd4 Qc7 5. Nc3 e6 6. Be3 a6 7. Bd3 b5 8. O-O
Bb7 9. Qe2 Nf6 10. Kh1 b4 11. Na4 d5 12. f3 Ne5 13. f4 dxe4 14. fxe5 exd3 15.
Qxd3 Qxe5 16. Rae1 Rd8 17. c4 bxc3 18. Nxc3 Bc5 19. Bg1 Qg5 20. Re2 O-O 21. Nf3
Qh5 22. Qc4 Bd6 23. Qb3 Ba8 24. Qc4 Bb7 25. Qb3 Rd7 26. Qa4 Bb8 27. Bd4 e5 28.
Nxe5 Rfd8 0-1

[Event "Monarch Assurance Isle of Man 5th"]
[Site "Port Erin IOM"]
[Date "1996.10.06"]
[Round "2"]
[White "Hodgson, Julian M"]
[Black "Norwood, David"]
[Result "1-0"]
[WhiteElo "2550"]
[BlackElo "2520"]
[PlyCount "73"]
[EventDate "1996.10.05"]
[EventType "swiss"]
[EventRounds "9"]
[EventCountry "IOM"]
[SourceTitle "BritBase"]

1. c4 e5 2. Nc3 Nf6 3. Nf3 Nc6 4. g3 Bc5 5. Bg2 d6 6. e3 Bg4 7. h3 Bh5 8. d3
O-O 9. a3 a5 10. g4 Bg6 11. Nh4 Re8 12. Nxg6 hxg6 13. h4 Rb8 14. g5 Nh7 15. Ne4
Ne7 16. h5 c6 17. Qg4 Nf5 18. Qh3 Nxg5 19. Nxg5 Qxg5 20. e4 Qf6 21. exf5 gxf5
22. Qh4 Qxh4 23. Rxh4 f4 24. Bd2 Ra8 25. Ke2 f5 26. Rg1 Bb6 27. Bc3 Kh7 28. Rh2
Re7 29. Bh3 Rf8 30. Rg5 Ref7 31. Rg6 e4 32. f3 Re8 33. dxe4 fxe4 34. Be6 Rfe7
35. Bf5 exf3+ 36. Kxf3 Kg8 37. h6 1-0

[Event "Monarch Assurance Isle of Man 5th"]
[Site "Port Erin IOM"]
[Date "1996.10.06"]
[Round "2"]
[White "Kourkounakis, Ilias"]
[Black "Sedgwick, David"]
[Result "1/2-1/2"]
[WhiteElo "2400"]
[BlackElo "2115"]
[PlyCount "204"]
[EventDate "1996.10.05"]
[EventType "swiss"]
[EventRounds "9"]
[EventCountry "IOM"]
[SourceTitle "BritBase"]

1. c4 e5 2. Nc3 Nf6 3. Nf3 Nc6 4. g3 Bc5 5. Bg2 d6 6. O-O O-O 7. d3 h6 8. a3 a6
9. b4 Ba7 10. Bb2 Bg4 11. h3 Be6 12. Kh2 Rb8 13. Rc1 Qd7 14. Nd2 d5 15. cxd5
Nxd5 16. Nce4 f5 17. Nc5 Bxc5 18. Rxc5 f4 19. g4 Nd4 20. Nf3 Qd6 21. Kh1 b6 22.
Rc1 c5 23. Nd2 f3 24. Nxf3 Nf4 25. Ng1 Nxg2 26. Kxg2 Bb3 27. Qe1 Ne6 28. Qc3
Bd5+ 29. e4 Ba8 30. Qxe5 Nf4+ 31. Kh2 Qd7 32. Rcd1 Rbe8 33. Qc3 Qc7 34. e5 Nd5
35. Qe1 Qf7 36. Qd2 h5 37. f4 hxg4 38. f5 Qh5 39. Qf2 g6 40. f6 Rxe5 41. Bxe5
Qxe5+ 42. Qg3 Qxg3+ 43. Kxg3 Ne3 44. bxc5 bxc5 45. hxg4 Nxd1 46. Rxd1 Rxf6 47.
Rc1 Rd6 48. Rxc5 Rxd3+ 49. Kh4 Bd5 50. Nh3 Ba2 51. Ra5 Rd6 52. Nf4 Kf7 53. Kg5
Rc6 54. Nd3 Rb6 55. Ne5+ Kg7 56. Rc5 Bb1 57. Rc7+ Kg8 58. Kh6 g5+ 59. Kxg5 Be4
60. Nd7 Rg6+ 61. Kf4 Bb1 62. g5 Re6 63. Ne5 Rb6 64. Ra7 Rd6 65. Kg4 Rd4+ 66.
Kh5 Ra4 67. Rb7 Bc2 68. Rc7 Bf5 69. Rf7 Bc2 70. Rc7 Bf5 71. Rc3 Re4 72. Rc5 Re3
73. Ng6 Rh3+ 74. Nh4 Bd7 75. g6 Rxa3 76. Rd5 Be8 77. Rd8 Kf8 78. Nf5 Ra1 79.
Nd6 Rh1+ 80. Kg5 Rg1+ 81. Kf5 Rf1+ 82. Kg5 Rg1+ 83. Kf5 Rf1+ 84. Ke5 Kg7 85.
Rxe8 Re1+ 86. Ne4 Kxg6 87. Re6+ Kf7 88. Rxa6 Ke7 89. Ra7+ Kd8 90. Kd6 Rd1+ 91.
Ke6 Re1 92. Rd7+ Kc8 93. Rd4 Kc7 94. Ra4 Kc6 95. Ke5 Kb5 96. Ra3 Kc6 97. Rc3+
Kb5 98. Rc2 Kb6 99. Kd5 Rd1+ 100. Nd2 Ra1 101. Nc4+ Kb7 102. Nd6+ Kb6 1/2-1/2

[Event "Monarch Assurance Isle of Man 5th"]
[Site "Port Erin IOM"]
[Date "1996.10.06"]
[Round "2"]
[White "Ledger, Andrew"]
[Black "McLean, John"]
[Result "1-0"]
[WhiteElo "2415"]
[BlackElo "2130"]
[PlyCount "95"]
[EventDate "1996.10.05"]
[EventType "swiss"]
[EventRounds "9"]
[EventCountry "IOM"]
[SourceTitle "BritBase"]

1. e4 c5 2. Nc3 Nc6 3. g3 g6 4. d3 Bg7 5. Be3 d6 6. Qd2 e6 7. Bg2 Rb8 8. Nge2
Nge7 9. Bh6 O-O 10. h4 Bxh6 11. Qxh6 f6 12. Qd2 e5 13. f4 Bg4 14. Bh3 Bxh3 15.
Rxh3 Qd7 16. Rh2 Nd4 17. Nxd4 cxd4 18. Ne2 Rbc8 19. O-O-O Rc7 20. Kb1 Rfc8 21.
Rc1 d5 22. h5 dxe4 23. dxe4 Qa4 24. fxe5 fxe5 25. Qg5 Qc4 26. Qxe5 d3 27. Nc3
gxh5 28. Qxh5 dxc2+ 29. Rhxc2 Qd3 30. Qg4+ Ng6 31. Rd1 Qa6 32. Rcd2 Rf8 33. Rd6
Qc4 34. R6d4 Qf7 35. Nd5 Rc6 36. Nf4 Ra6 37. b3 Rb6 38. R1d2 Qg7 39. Rd7 Qh6
40. Rd8 Qh1+ 41. Kb2 Qxe4 42. Rxf8+ Kxf8 43. Nxg6+ Qxg6 44. Qc8+ Kg7 45. Qc7+
Kf6 46. Rf2+ Ke6 47. Re2+ Kd5 48. Re5+ 1-0

[Event "Monarch Assurance Isle of Man 5th"]
[Site "Port Erin IOM"]
[Date "1996.10.06"]
[Round "2"]
[White "Sahl, Bjarke"]
[Black "Rosten, Oliver"]
[Result "1/2-1/2"]
[WhiteElo "2420"]
[BlackElo "2215"]
[PlyCount "167"]
[EventDate "1996.10.05"]
[EventType "swiss"]
[EventRounds "9"]
[EventCountry "IOM"]
[SourceTitle "BritBase"]

1. d4 e6 2. Nf3 Nf6 3. g3 d5 4. Bg2 c6 5. O-O Be7 6. Nbd2 b6 7. c4 Bb7 8. b3
Nbd7 9. Bb2 O-O 10. Qc2 Rc8 11. Rad1 c5 12. Qb1 dxc4 13. Nxc4 b5 14. Ne3 Be4
15. Qa1 Qb6 16. dxc5 Bxc5 17. Bd4 Qb7 18. Bxc5 Rxc5 19. b4 Rc7 20. Rd4 h6 21.
h3 Rfc8 22. Rfd1 Rc3 23. Kh2 Qc7 24. Qb2 Bb7 25. Qd2 Nb6 26. Rd8+ Rxd8 27.
Qxd8+ Kh7 28. Qxc7 Rxc7 29. Nd4 a6 30. Bxb7 Rxb7 31. Rc1 Nbd5 32. Nxd5 Nxd5 33.
a3 Rc7 34. Rxc7 Nxc7 35. e4 Kg8 36. Kg2 Kf8 37. f4 Ke7 38. Nc6+ Kd7 39. Ne5+
Ke7 40. Kf3 f6 41. Nd3 Kd6 42. Kg4 Ke7 43. Kh5 Kf7 44. Nc5 f5 45. e5 Ke7 46.
Kg6 Kf8 47. g4 fxg4 48. hxg4 Kg8 49. f5 exf5 50. gxf5 Nd5 51. f6 gxf6 52. exf6
Nf4+ 53. Kxh6 Kf7 54. Kg5 Nd5 55. Nxa6 Nxf6 56. Nc7 Ne4+ 57. Kf4 Nd6 58. Kf3
Ke7 59. Nd5+ Kd7 60. Ne3 Kc6 61. Kf4 Nf7 62. Ke4 Ng5+ 63. Kd3 Nf3 64. Nf5 Kd5
65. Kc3 Ke5 66. Ne3 Kd6 67. Nd1 Ne5 68. Nf2 Nc4 69. a4 Kc6 70. Nd3 Ne3 71. a5
Nd5+ 72. Kd4 Nc7 73. Ke5 Nd5 74. Ke6 Ne3 75. Ke7 Kc7 76. Nc5 Nc4 77. Ne6+ Kb7
78. Nc5+ Kc6 79. Nb3 Ne5 80. Nd4+ Kb7 81. Kd6 Nd3 82. Nc6 Ka6 83. Nb8+ Kb7 84.
Nc6 1/2-1/2

[Event "Monarch Assurance Isle of Man 5th"]
[Site "Port Erin IOM"]
[Date "1996.10.07"]
[Round "3"]
[White "Arkell, Keith C"]
[Black "Hebden, Mark"]
[Result "1-0"]
[WhiteElo "2545"]
[BlackElo "2530"]
[PlyCount "147"]
[EventDate "1996.10.05"]
[EventType "swiss"]
[EventRounds "9"]
[EventCountry "IOM"]
[SourceTitle "BritBase"]

1. d4 Nf6 2. Nf3 d6 3. g3 g6 4. Bg2 Bg7 5. O-O O-O 6. c4 Nc6 7. Nc3 Rb8 8. h3
a6 9. e4 b5 10. cxb5 axb5 11. e5 Nd7 12. Ng5 Nxd4 13. Qxd4 Nxe5 14. Qh4 h6 15.
Nge4 e6 16. Qxd8 Rxd8 17. a4 bxa4 18. Rd1 Nc4 19. Nxa4 Bd7 20. Nec3 d5 21. Nc5
Nxb2 22. Bxb2 Rxb2 23. Nxd5 exd5 24. Rxd5 Rxf2 25. Kxf2 Bxa1 26. Nxd7 c5 27.
Ke3 c4 28. Bf1 Rc8 29. Nb6 Re8+ 30. Kf2 c3 31. Bd3 Re6 32. Nc4 Rf6+ 33. Ke2
Re6+ 34. Kd1 Rf6 35. Ke2 Re6+ 36. Kf2 Rf6+ 37. Kg2 Re6 38. Na3 Bb2 39. Nc2 h5
40. Rd7 Bc1 41. Bc4 Rf6 42. Bb3 Kf8 43. Rc7 Bd2 44. Nd4 Rd6 45. Rxf7+ Ke8 46.
Nb5 Rb6 47. Rb7 Rxb7 48. Nd6+ Kd7 49. Nxb7 Kc6 50. Nd8+ Kc5 51. Kf3 Kd6 52.
Nf7+ Ke7 53. Ne5 Kf6 54. Nd3 g5 55. g4 hxg4+ 56. hxg4 Kg6 57. Ke4 Kf6 58. Kd4
Kg6 59. Nc5 Bf4 60. Ne4 Kg7 61. Kxc3 Kg6 62. Kd4 Bc1 63. Ke5 Bb2+ 64. Ke6 Bh8
65. Ba4 Bb2 66. Be8+ Kh6 67. Kf5 Bc1 68. Bh5 Bf4 69. Kf6 Bc7 70. Ke6 Bf4 71.
Kf7 Be5 72. Bg6 Bc7 73. Nf6 Be5 74. Ng8# 1-0